El hombre y la tierra / (Record no. 126345)

MARC details
000 -LEADER
campo de control de longitud fija 00976nam a2200217 4500
001 - NÚMERO DE CONTROL
campo de control 126345
003 - IDENTIFICADOR DE NÚMERO DE CONTROL
campo de control ES-MaACL
005 - FECHA Y HORA DE LA ÚLTIMA TRANSACCIÓN
campo de control 20250607063027.0
007 - CAMPO FIJO DE DESCRIPCIÓN FÍSICA--INFORMACIÓN GENERAL
campo de control de longitud fija t|
008 - DATOS DE LONGITUD FIJA--INFORMACIÓN GENERAL
campo de control de longitud fija 070214n19001930sp r ||||1| spa d
100 1# - ENTRADA PRINCIPAL--NOMBRE DE PERSONA
Nombre de persona Reclus, Élisée,
Fechas asociadas al nombre 1830-1905
9 (RLIN) 95775
245 13 - MENCIÓN DEL TÍTULO
Título El hombre y la tierra /
Mención de responsabilidad, etc. Eliseo Reclús ; versión española de A. Lorenzo ; bajo la dirección de Odón de Buen.
260 ## - PUBLICACIÓN, DISTRIBUCIÓN, ETC.
Lugar de publicación, distribución, etc. Barcelona :
Nombre del editor, distribuidor, etc. Maucci,
Fecha de publicación, distribución, etc. [19__?]
300 ## - DESCRIPCIÓN FÍSICA
Extensión 6 v. :
Otras características físicas il. ;
Dimensiones 20 cm.
505 8# - NOTA DE CONTENIDO CON FORMATO
Nota de contenido con formato Contiene: Tomo I. Los antepasados. Historia Antigua. Tomo II. Historia antigua (continuación). Tomo III. Historia antigua. Historia moderna. Tomo IV. Historia moderna (continuación). Tomo V. Historia moderna. Historia contemporánea. Tomo VI. Historia contemporánea (continuación).
650 04 - PUNTO DE ACCESO ADICIONAL DE MATERIA--TÉRMINO DE MATERIA
Término de materia o nombre geográfico como elemento de entrada Civilización-
Subdivisión general Historia
9 (RLIN) 11082
700 1# - ENTRADA AGREGADA--NOMBRE PERSONAL
Nombre de persona Lorenzo, A.
9 (RLIN) 74139
700 1# - ENTRADA AGREGADA--NOMBRE PERSONAL
Nombre de persona Buen, Odón de,
Fechas asociadas al nombre 1863-1945
9 (RLIN) 32355
852 ## - LOCALIZACIÓN
Ubicación ES-MaACL
Número de control de estantería A-1582-87
Holdings
Estatus retirado Estado de pérdida Estado de daño No para préstamo Biblioteca de origen Biblioteca actual Ubicación en estantería Fecha de adquisición Fuente de adquisición Total de préstamos Signatura topográfica completa Código de barras Visto por última vez Precio de reemplazo Tipo de ítem Koha
        Biblioteca del Ateneo de Madrid Biblioteca del Ateneo de Madrid Sala Pecera Planta 1 17/01/2008     A-1582-87 1131595 23/02/2023 23/02/2023 Libro impreso